| 000 | 00369nam a2200133Ia 4500 | ||
|---|---|---|---|
| 008 | 231129s1989||||xx |||||||||||||| ||spa|| | ||
| 040 | _bspa | ||
| 082 | _aCo868.44 M539m | ||
| 100 | _aMendoza Varela Eduardo | ||
| 245 | 0 | _aEl mediterraneo es un mar joven : Cuadernos de un itinerario | |
| 260 | _c1989 | ||
| 264 | _aFundacion Simon y Lola Guberek | ||
| 942 |
_2ddc _cBKS |
||
| 999 |
_c11667 _d11667 |
||